[Event "Canada Int. op U1800"]
[Site "Contrecoeur CAN"]
[Date "2022.10.08"]
[Round "2.31"]
[White "Gonzalez, Daniel"]
[Black "Tachijian, Mardig"]
[Result "1-0"]
[WhiteElo "1780"]
[BlackElo "1571"]
[PlyCount "173"]
[EventDate "2022.10.07"]
[EventType "swiss"]
[EventRounds "5"]
[EventCountry "CAN"]

1. c4 e5 2. g3 Nc6 3. Bg2 g6 4. d3 Bg7 5. Nc3 Nf6 6. Nf3 O-O 7. O-O Re8 8. Nd2
d6 9. Rb1 Ne7 10. b4 c6 11. a4 d5 12. c5 Be6 13. Bb2 Qc7 14. e3 Rad8 15. Qc2
Ng4 16. h3 Nh6 17. Ne2 f6 18. Rbd1 Qd7 19. Kh2 Nf7 20. f4 Nf5 21. Qc1 Nxe3 22.
Nf3 Nxf1+ 23. Bxf1 Qc7 24. d4 e4 25. Nd2 h6 26. Nb3 g5 27. Bc3 Bf5 28. Qe3 Nh8
29. Bg2 Bh7 30. Kh1 Ng6 31. f5 Ne7 32. g4 Bxf5 33. gxf5 Nxf5 34. Qf2 Nh4 35.
Be1 Rf8 36. Qg3 Qxg3 37. Bxg3 Nxg2 38. Kxg2 f5 39. Bd6 Rf7 40. Kf1 f4 41. Re1
e3 42. Ng1 h5 43. Nf3 g4 44. hxg4 hxg4 45. Nh2 g3 46. Nf3 Re8 47. b5 Rf5 48.
Re2 Kf7 49. Rg2 Rh8 50. bxc6 bxc6 51. Rg1 Ke6 52. Nc1 Rh3 53. Ne2 g2+ 54. Kxg2
Rh7 55. Bxf4 Bh6 56. Bxh6 Rxh6 57. Ng3 Rg6 58. Re1 Rf8 59. Rxe3+ Kf6 60. Ne5
Rgg8 61. Nd7+ Kf7 62. Nxf8 Kxf8 63. Kf3 Kf7 64. Ne2 Rb8 65. Ra3 Ke6 66. Ke3 Rh8
67. Kd2 Kd7 68. a5 Rb8 69. a6 Rb2+ 70. Ke3 Ke6 71. Nf4+ Kf5 72. Nd3 Rb1 73. Ne5
Rh1 74. Kd2 Rh6 75. Rf3+ Ke4 76. Kc3 Re6 77. Rf7 Rh6 78. Rxa7 Rh3+ 79. Kb4 Kxd4
80. Nxc6+ Kd3 81. Rb7 Rh1 82. Kb5 Rb1+ 83. Nb4+ Kc3 84. Kc6 Kc4 85. Nxd5 Ra1
86. a7 Ra5 87. Nb6+ 1-0

[Event "Canada Int. op U1800"]
[Site "Contrecoeur CAN"]
[Date "2022.10.08"]
[Round "2.32"]
[White "Cassista, Jeremie"]
[Black "Michaud, Jean-Francois"]
[Result "1-0"]
[WhiteElo "1745"]
[BlackElo "1537"]
[PlyCount "73"]
[EventDate "2022.10.07"]
[EventType "swiss"]
[EventRounds "5"]
[EventCountry "CAN"]

1. e4 e5 2. Ne2 Nc6 3. Nbc3 d6 4. d3 h6 5. Be3 Nf6 6. h3 Be6 7. f4 d5 8. fxe5
Nxe5 9. Nd4 c5 10. Nxe6 fxe6 11. d4 cxd4 12. Bxd4 Nf7 13. Bb5+ Nd7 14. exd5 e5
15. O-O Bd6 16. Ne4 O-O 17. Qg4 exd4 18. Bxd7 Kh8 19. Nxd6 Nxd6 20. Rxf8+ Qxf8
21. Qxd4 Rd8 22. Rf1 Qe7 23. Be6 b6 24. c4 Ne8 25. Rf7 Qxe6 26. Rf8+ Kh7 27.
Qd3+ g6 28. dxe6 Rxd3 29. Rxe8 Kg7 30. Ra8 Kf6 31. Rxa7 Kxe6 32. Ra6 Rd6 33. b4
Ke5 34. g4 Rd1+ 35. Kh2 Rd4 36. Rxb6 Rxc4 37. a4 1-0

[Event "Canada Int. op U1800"]
[Site "Contrecoeur CAN"]
[Date "2022.10.08"]
[Round "2.33"]
[White "Longpre, Martin"]
[Black "Kozlov, Guennadi"]
[Result "1-0"]
[WhiteElo "1600"]
[BlackElo "1705"]
[PlyCount "57"]
[EventDate "2022.10.07"]
[EventType "swiss"]
[EventRounds "5"]
[EventCountry "CAN"]

1. e4 e6 2. d4 d5 3. e5 c5 4. c3 Nc6 5. Nf3 Qb6 6. Bd3 Bd7 7. dxc5 Bxc5 8. Qc2
h6 9. Bf4 a5 10. O-O Rc8 11. Nbd2 Qa7 12. Nb3 Bb6 13. Qe2 Nge7 14. a4 d4 15.
cxd4 Nd5 16. Be3 O-O 17. Bb5 Nb8 18. Rac1 Bxb5 19. Qxb5 Nc6 20. Nc5 Rfd8 21.
Rfd1 Nc7 22. Qe2 Nd5 23. Ne4 Ncb4 24. Nd6 Rxc1 25. Rxc1 Nc7 26. Qd2 h5 27. Bh6
Ne8 28. Nxe8 Rxe8 29. Qg5 1-0

[Event "Canada Int. op U1800"]
[Site "Contrecoeur CAN"]
[Date "2022.10.08"]
[Round "2.34"]
[White "Grenier, Jean-Michel"]
[Black "Potvin, Alain-Nicolas"]
[Result "1/2-1/2"]
[WhiteElo "1581"]
[BlackElo "1680"]
[PlyCount "141"]
[EventDate "2022.10.07"]
[EventType "swiss"]
[EventRounds "5"]
[EventCountry "CAN"]

1. d4 g6 2. c4 Nf6 3. Nc3 Bg7 4. e4 d6 5. Nf3 O-O 6. Be2 Na6 7. O-O e5 8. d5
Nc5 9. Qc2 a5 10. Be3 b6 11. a3 a4 12. Nd2 Bd7 13. b4 axb3 14. Nxb3 Ne8 15.
Nxc5 bxc5 16. Rfb1 f5 17. f3 f4 18. Bf2 g5 19. Rb3 h5 20. h3 Rf6 21. Nb5 Rg6
22. Re1 Qc8 23. Qd1 Nf6 24. Nc3 g4 25. fxg4 hxg4 26. hxg4 Nxg4 27. Bf3 Bf6 28.
Re2 Kf7 29. Reb2 Qh8 30. Qe1 Nh2 31. Qe2 Rag8 32. Be1 Nxf3+ 33. Qxf3 Bg4 34.
Qf1 f3 35. g3 Bg5 36. Nb5 Qh6 37. Rh2 Be3+ 38. Bf2 Bxf2+ 39. Qxf2 Qc1+ 40. Qf1
Qxf1+ 41. Kxf1 Rc8 42. Rh7+ Rg7 43. Rxg7+ Kxg7 44. Na7 Rf8 45. Kf2 Rf7 46. Rb7
Kf6 47. Nb5 Rh7 48. Nxc7 Rh2+ 49. Ke3 Re2+ 50. Kd3 f2 51. Ne8+ Kg6 52. Rg7+ Kh6
53. Rf7 Ra2 54. Rxf2 Rxf2 55. Nxd6 Rf3+ 56. Kd2 Rxa3 57. Nf7+ Kg7 58. Nxe5 Rxg3
59. Nd3 Rg2+ 60. Ke3 Rc2 61. Nxc5 Rxc4 62. Nd3 Rc3 63. Kd4 Rc2 64. Ke5 Kf8 65.
Kd6 Bf3 66. e5 Bxd5 67. Kxd5 Rd2 68. Ke4 Rxd3 69. Kxd3 Ke7 70. Ke4 Ke6 71. Kd4
1/2-1/2

[Event "Canada Int. op U1800"]
[Site "Contrecoeur CAN"]
[Date "2022.10.08"]
[Round "2.35"]
[White "Clavel, Mathias"]
[Black "Morais, Antoine"]
[Result "1-0"]
[WhiteElo "1677"]
[BlackElo "1474"]
[PlyCount "77"]
[EventDate "2022.10.07"]
[EventType "swiss"]
[EventRounds "5"]
[EventCountry "CAN"]

1. c4 Nf6 2. Nc3 g6 3. d4 Bg7 4. e4 d6 5. f3 O-O 6. Be3 Nc6 7. Qd2 a6 8. Bd3
Na5 9. Nge2 c5 10. dxc5 dxc5 11. Bxc5 Qc7 12. Qe3 Re8 13. O-O Nd7 14. Bd4 Nxc4
15. Bxc4 Qxc4 16. Bxg7 Kxg7 17. Nd5 Rb8 18. Rfc1 Qa4 19. Rc7 e6 20. Qc3+ Kg8
21. Rc4 Qb5 22. a4 exd5 23. axb5 dxc4 24. Qxc4 Ne5 25. Qd5 axb5 26. Qxb5 Bd7
27. Qb6 Nc4 28. Qb4 Be6 29. Rc1 Ne5 30. Rd1 Nc6 31. Qb6 Ne7 32. Nf4 Bc4 33. b3
Nc8 34. Qc7 Bxb3 35. Rb1 Ba2 36. Rb2 Ra8 37. Qxb7 Ra7 38. Qc6 Kf8 39. Rb8 1-0

[Event "Canada Int. op U1800"]
[Site "Contrecoeur CAN"]
[Date "2022.10.08"]
[Round "2.36"]
[White "Crete, Mathys"]
[Black "Avarian, Aram Sevag"]
[Result "0-1"]
[WhiteElo "1436"]
[BlackElo "1665"]
[PlyCount "57"]
[EventDate "2022.10.07"]
[EventType "swiss"]
[EventRounds "5"]
[EventCountry "CAN"]

1. d4 Nf6 2. c4 c5 3. d5 b5 4. cxb5 a6 5. bxa6 Bxa6 6. Nc3 d6 7. e4 Bxf1 8.
Kxf1 g6 9. Nf3 Bg7 10. g3 O-O 11. Kg2 Nbd7 12. a4 Ng4 13. Re1 Qa5 14. Bd2 c4
15. Qe2 Qb6 16. h3 Nge5 17. Be3 Qb7 18. Nxe5 Nxe5 19. Rec1 Nd3 20. Rc2 Qb3 21.
Ra3 Qxc2 22. Bd2 Qxb2 23. Ra2 Qb3 24. e5 Bxe5 25. h4 Bxc3 26. Bg5 Bf6 27. Bh6
Bg7 28. Bg5 h6 29. Bc1 0-1

[Event "Canada Int. op U1800"]
[Site "Contrecoeur CAN"]
[Date "2022.10.08"]
[Round "2.37"]
[White "Poirier, Vincent"]
[Black "Li, James"]
[Result "0-1"]
[WhiteElo "1656"]
[BlackElo "1008"]
[PlyCount "116"]
[EventDate "2022.10.07"]
[EventType "swiss"]
[EventRounds "5"]
[EventCountry "CAN"]

1. e4 c5 2. Be2 Nc6 3. d3 g6 4. f4 Bg7 5. Nf3 d6 6. O-O Nh6 7. c3 O-O 8. Na3 e5
9. fxe5 dxe5 10. Nc4 f6 11. Qe1 Be6 12. Ne3 Qe7 13. Qh4 f5 14. Qxe7 Nxe7 15.
Ng5 Bd7 16. Nc4 f4 17. Nf3 Nc6 18. a3 Nf7 19. b4 cxb4 20. axb4 b5 21. Na5 Nd6
22. Nxc6 Bxc6 23. Ra6 Rfc8 24. Bb2 Nf7 25. Rfa1 Rc7 26. Bd1 Bf8 27. Bb3 Bg7 28.
Ng5 Be8 29. Bd5 Rac8 30. Rxa7 Bf6 31. Rxc7 Rxc7 32. Nxf7 Bxf7 33. Ra8+ Kg7 34.
Bxf7 Kxf7 35. Kf1 Rb7 36. Ke2 Be7 37. Kd2 g5 38. Ra6 h5 39. Rh6 h4 40. h3 Bf6
41. Rh7+ Bg7 42. c4 Kg6 43. Rxg7+ Kxg7 44. Bxe5+ Kf7 45. c5 Ra7 46. Ke2 Ke6 47.
Bc3 Ra3 48. Bd2 Ke5 49. Bc1 Rb3 50. Bd2 Ra3 51. Bc1 Ra2+ 52. Kf3 Kd4 53. Kg4
Rxg2+ 54. Kf5 f3 55. Bxg5 f2 56. Bxh4 f1=Q+ 57. Ke6 Rg6+ 58. Kd7 Qxh3+ 0-1

[Event "Canada Int. op U1800"]
[Site "Contrecoeur CAN"]
[Date "2022.10.08"]
[Round "2.38"]
[White "Straehl, Patrick"]
[Black "Brassard, Sylvain"]
[Result "0-1"]
[WhiteElo "1469"]
[BlackElo "1721"]
[PlyCount "80"]
[EventDate "2022.10.07"]
[EventType "swiss"]
[EventRounds "5"]
[EventCountry "CAN"]

1. d4 d5 2. Bf4 Bf5 3. e3 e6 4. Nf3 Nf6 5. c3 Bd6 6. Bxd6 cxd6 7. Bd3 Bxd3 8.
Qxd3 Nc6 9. O-O O-O 10. Nbd2 e5 11. e4 dxe4 12. Nxe4 Nxe4 13. Qxe4 d5 14. Qc2
e4 15. Nd2 f5 16. Rae1 Re8 17. f3 e3 18. Qxf5 exd2 19. Rxe8+ Qxe8 20. Qxd5+ Kh8
21. Qe4 Qf7 22. Qe3 Qxa2 23. Qxd2 Re8 24. Re1 Qf7 25. Ra1 a6 26. Kf1 Ne7 27.
Re1 Nf5 28. Rxe8+ Qxe8 29. Qe2 Qxe2+ 30. Kxe2 Kg8 31. g4 Nd6 32. Kd3 b5 33. b4
Kf7 34. d5 g5 35. Kd4 Kf6 36. Kc5 Ke5 37. Kc6 Nc4 38. h3 Kf4 39. d6 Kxf3 40.
Kd5 Kg3 0-1

[Event "Canada Int. op U1800"]
[Site "Contrecoeur CAN"]
[Date "2022.10.08"]
[Round "2.39"]
[White "Nica, Ion"]
[Black "Peloquin, Charli"]
[Result "1/2-1/2"]
[WhiteElo "1718"]
[BlackElo "1459"]
[PlyCount "73"]
[EventDate "2022.10.07"]
[EventType "swiss"]
[EventRounds "5"]
[EventCountry "CAN"]

1. b3 d5 2. Bb2 c5 3. e3 Nf6 4. Nf3 Nc6 5. Bb5 Bg4 6. h3 Bh5 7. Bxc6+ bxc6 8.
g4 Bg6 9. Ne5 Qc7 10. d3 e6 11. h4 Bd6 12. f4 h5 13. g5 Ng4 14. Nxg4 hxg4 15.
Qxg4 Bh5 16. Qg3 d4 17. Bc1 e5 18. O-O exf4 19. exf4 O-O-O 20. Qh3+ Qd7 21.
Qxd7+ Kxd7 22. Kg2 Rde8 23. Na3 Be2 24. Rh1 f6 25. Bd2 Bxd3 26. Rhe1 Be4+ 27.
Kg3 fxg5 28. hxg5 Rh5 29. Nc4 Rxg5+ 30. Kf2 Rh5 31. Kg3 Rg5+ 32. Kf2 Rg2+ 33.
Kf1 Rg3 34. Ne5+ Bxe5 35. Rxe4 Bd6 36. Rxe8 Kxe8 37. Re1+ 1/2-1/2

[Event "Canada Int. op U1800"]
[Site "Contrecoeur CAN"]
[Date "2022.10.08"]
[Round "2.40"]
[White "Bilodeau-Savaria, Sandy-Rose"]
[Black "Fundaro, Jean-Pierre"]
[Result "1/2-1/2"]
[WhiteElo "1548"]
[BlackElo "1590"]
[PlyCount "121"]
[EventDate "2022.10.07"]
[EventType "swiss"]
[EventRounds "5"]
[EventCountry "CAN"]

1. d4 d5 2. Bf4 c5 3. e3 cxd4 4. exd4 e6 5. Nf3 Bd6 6. Bg3 Ne7 7. Bd3 O-O 8.
O-O Ng6 9. Nbd2 Nf4 10. Ne5 Bxe5 11. dxe5 Nxd3 12. cxd3 Nc6 13. a3 Qb6 14. Qb3
Qxb3 15. Nxb3 b6 16. Rac1 Bb7 17. f4 a5 18. Bf2 a4 19. Nd2 b5 20. Rc5 Rfc8 21.
Nf3 b4 22. axb4 a3 23. bxa3 Rxa3 24. Rfc1 Raa8 25. b5 Nb4 26. Rxc8+ Rxc8 27.
Rxc8+ Bxc8 28. Ne1 Bd7 29. Bc5 Nxd3 30. Nxd3 Bxb5 31. Nb4 h6 32. Kf2 h5 33. h3
g6 34. Nc2 Ba4 35. Nd4 Kg7 36. Be7 Kg8 37. Kg3 Bd7 38. Kh4 Ba4 39. Kg5 Kg7 40.
Bf6+ Kh7 41. Be7 Kg7 42. Ne2 Bb5 43. Ng3 Bd3 44. h4 Bb5 45. Nxh5+ gxh5 46. Kxh5
d4 47. Kg5 d3 48. Bb4 Bc6 49. g4 Be4 50. f5 Bd5 51. h5 Kh7 52. Bd2 Kg7 53. h6+
Kh7 54. Kf6 Bb3 55. g5 exf5 56. Kxf5 Bd1 57. e6 fxe6+ 58. Kf6 Bh5 59. Kxe6 Bg6
60. Kf6 Bh5 61. Ke5 1/2-1/2

[Event "Canada Int. op U1800"]
[Site "Contrecoeur CAN"]
[Date "2022.10.08"]
[Round "2.41"]
[White "Alcantara, Maximo jr"]
[Black "Beauregard, Pascal"]
[Result "1-0"]
[WhiteElo "1703"]
[BlackElo "1512"]
[PlyCount "44"]
[EventDate "2022.10.07"]
[EventType "swiss"]
[EventRounds "5"]
[EventCountry "CAN"]

1. Nf3 Nf6 2. d4 d6 3. g3 g6 4. Bg2 Bg7 5. c3 Nbd7 6. O-O O-O 7. Re1 Re8 8. e4
e5 9. dxe5 dxe5 10. Na3 b6 11. Bg5 h6 12. Bxf6 Qxf6 13. Nb5 Qc6 14. Qd5 Qxd5
15. exd5 Re7 16. Nxc7 Rb8 17. d6 Re6 18. Nxe6 fxe6 19. Nh4 Kh7 20. Bh3 Nf6 21.
Nf3 e4 22. Nd2 Bd7 {...} 1-0

[Event "Canada Int. op U1800"]
[Site "Contrecoeur CAN"]
[Date "2022.10.08"]
[Round "2.42"]
[White "Bilodeau-Savaria, Carl"]
[Black "Villeneuve, Denis"]
[Result "1-0"]
[WhiteElo "1568"]
[BlackElo "1510"]
[PlyCount "111"]
[EventDate "2022.10.07"]
[EventType "swiss"]
[EventRounds "5"]
[EventCountry "CAN"]

1. d4 Nf6 2. c4 e6 3. Nf3 b6 4. Bg5 Be7 5. Nc3 d5 6. cxd5 Nxd5 7. Bxe7 Qxe7 8.
Nxd5 exd5 9. Qb3 Bb7 10. e3 O-O 11. Bd3 Nd7 12. Qc2 Nf6 13. O-O c5 14. Rfe1 c4
15. Bf5 Bc8 16. e4 Bxf5 17. exf5 Qd6 18. Ne5 Rfe8 19. Re3 Nd7 20. Rae1 f6 21.
Nxc4 Rxe3 22. Nxe3 Re8 23. Rc1 Nb8 24. Qc7 Qxc7 25. Rxc7 a6 26. h3 Rd8 27. Rb7
b5 28. Nxd5 Rxd5 29. Rxb8+ Kf7 30. Rb7+ Kf8 31. Ra7 Rxf5 32. a4 b4 33. Rxa6 Rd5
34. Rb6 Rxd4 35. b3 h5 36. Kh2 Kf7 37. Rb5 g5 38. a5 Kg6 39. a6 Rd6 40. Ra5 Rd8
41. a7 Ra8 42. Kg3 Kf7 43. h4 Kg6 44. hxg5 fxg5 45. Kf3 g4+ 46. Ke4 h4 47. Kf4
h3 48. gxh3 gxh3 49. Kg3 h2 50. Kxh2 Kf6 51. Kg3 Ke6 52. Kf3 Kd6 53. Ke4 Kc6
54. f4 Kb6 55. Ra4 Kb7 56. Rxb4+ 1-0

[Event "Canada Int. op U1800"]
[Site "Contrecoeur CAN"]
[Date "2022.10.08"]
[Round "2.45"]
[White "Aubut, Jean-Philippe"]
[Black "Ilustrisimo, Alfredo Jr"]
[Result "0-1"]
[WhiteElo "1351"]
[BlackElo "1556"]
[PlyCount "119"]
[EventDate "2022.10.07"]
[EventType "swiss"]
[EventRounds "5"]
[EventCountry "CAN"]

1. d4 Nf6 2. c4 e6 3. Nf3 c5 4. d5 d6 5. Nc3 exd5 6. cxd5 g6 7. e4 Bg4 8. Bd3
Nbd7 9. h3 Bxf3 10. Qxf3 Ne5 11. Qe2 Nxd3+ 12. Qxd3 Bg7 13. O-O O-O 14. Bf4 a6
15. a4 Qe7 16. Rab1 Nh5 17. Bh2 g5 18. Qf3 Nf6 19. Rfe1 Nd7 20. Qf5 Be5 21. f4
Bxf4 22. Bxf4 gxf4 23. Qxf4 Ne5 24. Re3 f6 25. Ne2 Qd7 26. Ng3 Rf7 27. Nf5 Kh8
28. Nh6 Rff8 29. b3 b5 30. Nf5 Rab8 31. Rg3 bxa4 32. Rg7 Rf7 33. Rxf7 Nxf7 34.
Qg3 Ne5 35. Qh4 Qd8 36. Qh6 Rb7 37. Kh2 Rf7 38. bxa4 c4 39. Rb4 c3 40. Rb3 Qc7
41. Qc1 Nd3 42. Qxc3 Nc5 43. Rb4 Qd8 44. Qb2 Rf8 45. Qd4 Rf7 46. Qe3 Qf8 47.
Rb6 Rd7 48. a5 Qe8 49. Nxd6 Qe5+ 50. Qg3 Rxd6 51. Kg1 Nxe4 52. Qxe5 fxe5 53.
Rxd6 Nxd6 54. g4 h6 55. h4 Kg7 56. g5 hxg5 57. hxg5 Kg6 58. Kf2 Kxg5 59. Ke3
Kf5 60. Kd3 {...} 0-1

[Event "Canada Int. op U1800"]
[Site "Contrecoeur CAN"]
[Date "2022.10.08"]
[Round "2.46"]
[White "Dufresne, Maxime"]
[Black "Wen, Justin"]
[Result "0-1"]
[WhiteElo "1516"]
[BlackElo "1383"]
[PlyCount "114"]
[EventDate "2022.10.07"]
[EventType "swiss"]
[EventRounds "5"]
[EventCountry "CAN"]

1. e4 c5 2. Be2 e6 3. f4 a6 4. Nf3 Qc7 5. d3 Nc6 6. O-O d6 7. c3 b6 8. Na3 Bb7
9. Qe1 O-O-O 10. Nc2 Nf6 11. c4 g6 12. a3 Bg7 13. Rb1 d5 14. cxd5 exd5 15. e5
Nd7 16. b4 a5 17. bxc5 Nxc5 18. d4 Ne4 19. a4 Rhe8 20. Na3 f6 21. Nb5 Qd7 22.
Ba3 Bf8 23. Bxf8 Rxf8 24. Nd2 fxe5 25. dxe5 Kb8 26. Nxe4 dxe4 27. Nd6 Ka7 28.
Qf2 Nb4 29. Rfd1 Qc6 30. Nb5+ Kb8 31. Qg3 Qc5+ 32. Kh1 Nd3 33. Bxd3 Rxd3 34.
Rxd3 exd3 35. Qxd3 Rxf4 36. Qd8+ Bc8 37. Nd6 Rb4 38. Rf1 Rf4 39. Rb1 Rb4 40.
Rg1 Qc7 41. Qg5 Rxa4 42. Rc1 Rd4 43. h4 Rxh4+ 44. Qxh4 Qxc1+ 45. Kh2 Qe3 46.
Nxc8 Qxe5+ 47. g3 Kxc8 48. Qc4+ Kb7 49. Qf7+ Qc7 50. Qd5+ Ka6 51. Qa8+ Qa7 52.
Qc6 Qb7 53. Qc4+ Ka7 54. Qb5 Qc7 55. Kh3 Qc8+ 56. Kh2 Qc2+ 57. Kh3 Qf5+ 0-1

[Event "Canada Int. op U1800"]
[Site "Contrecoeur CAN"]
[Date "2022.10.08"]
[Round "3.31"]
[White "Avarian, Aram Sevag"]
[Black "Gonzalez, Daniel"]
[Result "1/2-1/2"]
[WhiteElo "1665"]
[BlackElo "1780"]
[PlyCount "81"]
[EventDate "2022.10.07"]
[EventType "swiss"]
[EventRounds "5"]
[EventCountry "CAN"]

1. e4 c5 2. Nf3 g6 3. d4 cxd4 4. Qxd4 Nf6 5. e5 Nc6 6. Qh4 Nxe5 7. Be2 Nxf3+ 8.
Bxf3 Bg7 9. Bh6 O-O 10. Nc3 d6 11. O-O-O Kh8 12. Qg5 Ng8 13. Bxg7+ Kxg7 14. h4
h6 15. Qf4 Qa5 16. Rd5 Qd8 17. Rdd1 Rb8 18. Qd4+ Kh7 19. Ne4 f6 20. Qxa7 Be6
21. a3 Qc7 22. Qd4 Qc4 23. Qxc4 Bxc4 24. Nc3 Bf7 25. Rhe1 Rfd8 26. Bd5 Kg7 27.
Rd4 Bxd5 28. Nxd5 Kf7 29. Nc7 e5 30. Rd2 Rbc8 31. Nd5 Ne7 32. Nxe7 Kxe7 33.
Red1 Ke6 34. Rd5 Kd7 35. b4 g5 36. hxg5 hxg5 37. Kb2 Rh8 38. c4 Rh2 39. Rg1 f5
40. Kb3 g4 41. Kc3 1/2-1/2

[Event "Canada Int. op U1800"]
[Site "Contrecoeur CAN"]
[Date "2022.10.08"]
[Round "3.32"]
[White "Longpre, Martin"]
[Black "Cassista, Jeremie"]
[Result "1-0"]
[WhiteElo "1600"]
[BlackElo "1745"]
[PlyCount "45"]
[EventDate "2022.10.07"]
[EventType "swiss"]
[EventRounds "5"]
[EventCountry "CAN"]

1. e4 c5 2. Nf3 Nc6 3. d4 cxd4 4. Nxd4 d6 5. Be3 Nf6 6. Nc3 Bd7 7. Be2 g6 8.
O-O Bg7 9. f3 O-O 10. Qd2 a6 11. a4 Rc8 12. Rfd1 Ne5 13. Nd5 Nxd5 14. exd5 Rc5
15. Ne6 fxe6 16. Bxc5 dxc5 17. dxe6 Qc7 18. exd7 Nxd7 19. Qxd7 Qf4 20. Qe6+ Kh8
21. Qe4 Qg5 22. Rd5 Qh6 23. c3 1-0

[Event "Canada Int. op U1800"]
[Site "Contrecoeur CAN"]
[Date "2022.10.08"]
[Round "3.33"]
[White "Li, James"]
[Black "Clavel, Mathias"]
[Result "1/2-1/2"]
[WhiteElo "1008"]
[BlackElo "1677"]
[PlyCount "63"]
[EventDate "2022.10.07"]
[EventType "swiss"]
[EventRounds "5"]
[EventCountry "CAN"]

1. d4 Nf6 2. c4 e6 3. Nf3 b6 4. Nc3 Bb7 5. e3 d5 6. cxd5 Nxd5 7. Bd3 Be7 8. O-O
O-O 9. e4 Nxc3 10. bxc3 c5 11. Be3 cxd4 12. cxd4 Nc6 13. Qe2 Nb4 14. Rfd1 Nxd3
15. Qxd3 Qd6 16. Rac1 f5 17. e5 Qd7 18. Bf4 h6 19. h4 Rac8 20. Qe2 Qd5 21. h5
Rfd8 22. Rxc8 Rxc8 23. Ne1 Bb4 24. Bd2 Qxa2 25. Qe3 Be7 26. Qg3 Kh8 27. Qg6 Bf8
28. Qf7 Be4 29. Rc1 Ra8 30. Bxh6 gxh6 31. Rc7 f4 32. Qf6+ 1/2-1/2

[Event "Canada Int. op U1800"]
[Site "Contrecoeur CAN"]
[Date "2022.10.08"]
[Round "3.35"]
[White "Potvin, Alain-Nicolas"]
[Black "Kozlov, Guennadi"]
[Result "1/2-1/2"]
[WhiteElo "1680"]
[BlackElo "1705"]
[PlyCount "131"]
[EventDate "2022.10.07"]
[EventType "swiss"]
[EventRounds "5"]
[EventCountry "CAN"]

1. d4 d5 2. Nf3 Nf6 3. e3 Bf5 4. c4 e6 5. Qb3 Qc8 6. cxd5 exd5 7. Nc3 c6 8. Bd2
Be7 9. Rc1 O-O 10. Be2 Nbd7 11. Ne5 Bd6 12. f4 Bc7 13. O-O Nb6 14. a4 a5 15.
Be1 Qd8 16. Bh4 Qd6 17. g4 Be4 18. Bg3 Qb4 19. Qa2 Nfd7 20. Nd3 Qe7 21. Nf2
Rac8 22. Ncxe4 dxe4 23. b3 Nd5 24. Qd2 Nb4 25. g5 Rcd8 26. Rfd1 Nb6 27. h4 N6d5
28. Ng4 f6 29. Bc4 Qe6 30. Nf2 fxg5 31. hxg5 Qg6 32. Qe2 Kh8 33. Kg2 Qe8 34.
Rh1 g6 35. Rh3 Rd7 36. Rch1 Rg7 37. Ng4 Qe7 38. Bh4 Kg8 39. Nh6+ Kh8 40. Ng4
Kg8 41. Be1 Kh8 42. Bxb4 axb4 43. Bxd5 cxd5 44. Nf6 Rxf6 45. gxf6 Qxf6 46. Qb5
Qe6 47. Rg3 Bd6 48. Rc1 h6 49. Qe2 Kh7 50. Qg4 Qe7 51. Rh3 Qf6 52. Rch1 h5 53.
Kf2 Kg8 54. Qc8+ Kh7 55. Rg3 Bxf4 56. exf4 Qxf4+ 57. Kg2 Qd2+ 58. Kh3 Qxd4 59.
Qe6 g5 60. Rhg1 g4+ 61. Kh4 Rg6 62. Qf7+ Kh6 63. Qf8+ Kh7 64. Qf7+ Kh6 65. Qf8+
Kh7 66. Qf7+ 1/2-1/2

[Event "Canada Int. op U1800"]
[Site "Contrecoeur CAN"]
[Date "2022.10.08"]
[Round "3.36"]
[White "Ilustrisimo, Alfredo Jr"]
[Black "Alcantara, Maximo jr"]
[Result "1-0"]
[WhiteElo "1556"]
[BlackElo "1703"]
[PlyCount "103"]
[EventDate "2022.10.07"]
[EventType "swiss"]
[EventRounds "5"]
[EventCountry "CAN"]

1. e4 c6 2. d4 d5 3. Nd2 e6 4. Ngf3 Bb4 5. c3 Ba5 6. Bd3 Nf6 7. O-O Bb6 8. e5
Nfd7 9. b4 a5 10. Nb3 axb4 11. cxb4 Na6 12. Bxa6 bxa6 13. Nc5 a5 14. Qa4 Bxc5
15. bxc5 Ba6 16. Re1 Bb5 17. Qc2 a4 18. a3 O-O 19. Ng5 g6 20. g3 Qa5 21. Bd2
Qa6 22. Re3 Bc4 23. Bb4 Bb3 24. Qd2 Qb5 25. Nf3 Nb8 26. Ne1 Na6 27. Bc3 Nc7 28.
Nd3 f6 29. Rb1 f5 30. Nc1 Qc4 31. Ne2 Nb5 32. Bb4 Nc7 33. Nc1 Qc2 34. Qxc2 Bxc2
35. Rb2 Bd1 36. Rd2 Bb3 37. Nxb3 axb3 38. Rxb3 Ra4 39. Bc3 Rc4 40. Rd3 Ra8 41.
Kf1 Nb5 42. Bb2 Raa4 43. Ke2 Rc2+ 44. Rd2 Rxd2+ 45. Kxd2 Nxd4 46. Bxd4 Rxd4+
47. Rd3 Rxd3+ 48. Kxd3 Kf7 49. Ke3 Kg7 50. a4 Kf7 51. a5 Ke7 52. a6 1-0

[Event "Canada Int. op U1800"]
[Site "Contrecoeur CAN"]
[Date "2022.10.08"]
[Round "3.37"]
[White "Michaud, Jean-Francois"]
[Black "Nica, Ion"]
[Result "0-1"]
[WhiteElo "1537"]
[BlackElo "1718"]
[PlyCount "108"]
[EventDate "2022.10.07"]
[EventType "swiss"]
[EventRounds "5"]
[EventCountry "CAN"]

1. c4 b6 2. Nf3 Bb7 3. g3 g6 4. Nc3 Nf6 5. d3 Bg7 6. Bg2 O-O 7. O-O d6 8. e4
Nbd7 9. Rb1 a5 10. Qc2 Nc5 11. h3 e5 12. Ne2 Nfd7 13. Nh4 f5 14. f4 fxe4 15.
dxe4 exf4 16. Nc3 fxg3 17. Rxf8+ Nxf8 18. Nf3 Nfe6 19. Be3 Bxc3 20. Qxc3 Nxe4
21. Qe1 N6c5 22. Nd2 Qe8 23. Rd1 Nxd2 24. Bxb7 Nxb7 25. Qxd2 Qe4 26. Bd4 Rf8
27. Qh6 Rf7 28. Bc3 Qf4 29. Qxf4 Rxf4 30. Kg2 Rxc4 31. Re1 Kf7 32. Rf1+ Ke7 33.
Re1+ Kd7 34. Rf1 Nd8 35. Kxg3 Re4 36. Rf8 Re8 37. Rf3 Re6 38. Kg4 h6 39. Bg7
Re4+ 40. Kg3 h5 41. h4 Rg4+ 42. Kh3 Ne6 43. Bh6 Nd4 44. Rf7+ Kc6 45. Rf6 Nf5
46. Bg5 Ne7 47. Rf7 Nd5 48. Bd8 Nf4+ 49. Kh2 Ne6 50. Be7 Kd5 51. Rf2 c5 52.
Rd2+ Nd4 53. Rd1 Kc6 54. Rf1 Nf5 0-1

[Event "Canada Int. op U1800"]
[Site "Contrecoeur CAN"]
[Date "2022.10.08"]
[Round "3.39"]
[White "Tachijian, Mardig"]
[Black "Bilodeau-Savaria, Sandy-Rose"]
[Result "1/2-1/2"]
[WhiteElo "1571"]
[BlackElo "1548"]
[PlyCount "114"]
[EventDate "2022.10.07"]
[EventType "swiss"]
[EventRounds "5"]
[EventCountry "CAN"]

1. d4 d5 2. c4 e6 3. Nc3 Nf6 4. Bg5 c6 5. e3 Be7 6. Nf3 Nbd7 7. Qb3 O-O 8. Bd3
Re8 9. O-O h6 10. Bf4 Nh5 11. Bg3 Nxg3 12. hxg3 dxc4 13. Bxc4 Nb6 14. Be2 Bf6
15. Rfd1 Nd5 16. Ne4 Qb6 17. Nxf6+ Nxf6 18. Qxb6 axb6 19. Ne5 Nd7 20. Nc4 b5
21. Nd6 Rd8 22. e4 Nf6 23. e5 Ne8 24. Nxe8 Rxe8 25. a3 Bd7 26. f4 Red8 27. Kf2
Kf8 28. g4 Ke7 29. Ke3 f5 30. gxf5 exf5 31. Rd2 b4 32. a4 Be6 33. Rc2 Bb3 34.
Rcc1 g5 35. fxg5 hxg5 36. Bc4 Bxc4 37. Rxc4 Rd7 38. Rxb4 b5 39. Rc1 bxa4 40.
Rxc6 a3 41. bxa3 Rxa3+ 42. Kf2 Rd3 43. Rf6 f4 44. Rg6 R3xd4 45. Rxd4 Rxd4 46.
Rxg5 Rd3 47. Rf5 Ke6 48. Rxf4 Kxe5 49. Rf8 Rd6 50. Kf3 Rg6 51. Re8+ Kf5 52. g4+
Kg5 53. Re5+ Kf6 54. Ra5 Kg7 55. g5 Rb6 56. Ra4 Kg6 57. Kg4 Rc6 1/2-1/2

[Event "Canada Int. op U1800"]
[Site "Contrecoeur CAN"]
[Date "2022.10.08"]
[Round "3.40"]
[White "Peloquin, Charli"]
[Black "Bilodeau-Savaria, Carl"]
[Result "1-0"]
[WhiteElo "1459"]
[BlackElo "1568"]
[PlyCount "65"]
[EventDate "2022.10.07"]
[EventType "swiss"]
[EventRounds "5"]
[EventCountry "CAN"]

1. c4 Nf6 2. g3 e6 3. Nf3 d5 4. Bg2 Bd6 5. d4 b6 6. Nc3 Bb7 7. O-O c6 8. Bg5
Nbd7 9. e4 Be7 10. e5 Ng8 11. Bxe7 Nxe7 12. cxd5 Nxd5 13. Ne4 O-O 14. Nd6 Qc7
15. Rc1 c5 16. Ng5 Ba6 17. Re1 Qd8 18. Qg4 Qe7 19. Bxd5 exd5 20. Nf5 Qe8 21.
Nxh7 g6 22. Nd6 Qe7 23. Nf6+ Kg7 24. Nxd7 Rfd8 25. Nf6 Rxd6 26. exd6 Qxf6 27.
dxc5 bxc5 28. Rxc5 Rd8 29. Rxd5 Bc4 30. Ra5 a6 31. b3 Bd3 32. Re3 Rxd6 33. Rxd3
1-0